00582nam a2200157Ia 4500008004100000100002600041245013800067245002600205260000900231300002600240440003100266500001100297650002500308999001900333952007200352170725s9999 xx 000 0 und d aSandria S. Stephenson aAccounting Community of Practice pedagogy: a course management invention for developing personal competencies in accounting education cSandria S. Stephenson c2017 apages 42821, February aAccounting Educationv26:1 aCJ0028 aAccounting Education c340851d340851 001040aCLbCLd2017-07-25l0r2017-07-25 00:00:00w2017-07-25ySE